[Event "LLO18/19"]
[Site "Mecklenburg-Vorpommern"]
[Date "2018.12.16"]
[Round "4.3"]
[White "Klugmann, Horst"]
[Black "Kilp, Andreas"]
[Result "1-0"]
[WhiteElo "1631"]
[BlackElo "1683"]
[PlyCount "141"]
[EventDate "2018.??.??"]
[EventType "team-tourn"]
[EventRounds "9"]
[EventCountry "GER"]
[WhiteTeam "Ribnitz-Damgarten"]
[BlackTeam "SAV Torgelow II"]
[WhiteTeamCountry "GER"]
[BlackTeamCountry "GER"]

1. d4 d5 2. c4 e6 3. Nc3 Nf6 4. cxd5 exd5 5. Bg5 Be7 6. e3 Bf5 7. Bxf6 Bxf6 8.
Qb3 Bc8 9. Qxd5 Nd7 10. Qe4+ Qe7 11. Bd3 c6 12. Nf3 g6 13. O-O O-O 14. Qxe7
Bxe7 15. Rac1 Nb6 16. h3 Be6 17. a3 Rad8 18. Rfd1 Bb3 19. Bc2 Be6 20. Nd2 Rfe8
21. b4 Rd7 22. Nce4 f5 23. Nc5 Bxc5 24. bxc5 Nd5 25. Bb3 Kg7 26. Nf3 Nf6 27.
Bxe6 Rxe6 28. Ne5 Rc7 29. Rd3 Rc8 30. f3 Re7 31. Kf2 Rd8 32. Rb3 Rc8 33. Rcb1
Rcc7 34. Nc4 Nd5 35. a4 g5 36. Nd6 Kf6 37. e4 fxe4 38. fxe4 Nf4 39. e5+ Ke6 40.
Rxb7 Kd5 41. Rxc7 Rxc7 42. Rd1 h5 43. Kf3 Rg7 44. a5 Ne6 45. Ke3 Nf4 46. Kf2
Ne6 47. g3 Rg8 48. Ke3 Rb8 49. Rd3 Rb1 50. Nc8 Ra1 51. Ne7+ Kc4 52. Nxc6 Rg1
53. Ke4 h4 54. g4 a6 55. Rf3 Ng7 56. Nb8 Re1+ 57. Re3 Rf1 58. Re2 Rf4+ 59. Ke3
Ne6 60. Rf2 Rxd4 61. Rc2+ Kb3 62. Rc1 Kb2 63. Rf1 Rb4 64. Nxa6 Rb3+ 65. Ke4
Rxh3 66. c6 Rg3 67. Rf6 Rxg4+ 68. Kd5 Nf4+ 69. Rxf4 Rxf4 70. c7 Rf8 71. Nc5 1-0

[Event "LLO18/19"]
[Site "Mecklenburg-Vorpommern"]
[Date "2018.12.16"]
[Round "4.4"]
[White "Schmidt, Paul1"]
[Black "Wehrmann, Horst"]
[Result "1/2-1/2"]
[WhiteElo "1704"]
[BlackElo "1620"]
[PlyCount "65"]
[EventDate "2018.??.??"]
[EventType "team-tourn"]
[EventRounds "9"]
[EventCountry "GER"]
[WhiteTeam "SAV Torgelow II"]
[BlackTeam "Ribnitz-Damgarten"]
[WhiteTeamCountry "GER"]
[BlackTeamCountry "GER"]

1. e4 d5 2. exd5 Qxd5 3. Nc3 Qa5 4. d4 c6 5. Bd2 Qc7 6. Bc4 e6 7. Nf3 Nf6 8.
Qe2 b5 9. Bd3 a5 10. Ne5 Ba6 11. O-O Be7 12. Bf4 Bd6 13. Rfe1 b4 14. Ne4 Nxe4
15. Qxe4 Bxd3 16. Qxd3 O-O 17. Qg3 f6 18. Ng6 Bxf4 19. Nxf4 g5 20. Nxe6 Qxg3
21. hxg3 Rc8 22. f4 h6 23. f5 Na6 24. Kf2 Ra7 25. Rh1 Rh7 26. g4 Nc7 27. c4
bxc3 28. bxc3 Nxe6 29. fxe6 Re8 30. Rab1 Rxe6 31. Rb6 Rhe7 32. Rb2 Kg7 33. Rhb1
1/2-1/2

[Event "LLO18/19"]
[Site "Mecklenburg-Vorpommern"]
[Date "2018.12.16"]
[Round "4.5"]
[White "Zierke, Udo"]
[Black "Schmekel, Felix"]
[Result "1/2-1/2"]
[WhiteElo "1624"]
[BlackElo "1649"]
[PlyCount "35"]
[EventDate "2018.??.??"]
[EventType "team-tourn"]
[EventRounds "9"]
[EventCountry "GER"]
[WhiteTeam "Ribnitz-Damgarten"]
[BlackTeam "SAV Torgelow II"]
[WhiteTeamCountry "GER"]
[BlackTeamCountry "GER"]

1. d4 g6 2. e4 Bg7 3. Nf3 d6 4. Bc4 e6 5. O-O Nd7 6. c3 Ne7 7. Nbd2 O-O 8. Re1
e5 9. dxe5 Nxe5 10. Nxe5 Bxe5 11. Nf3 Bg7 12. Bg5 Kh8 13. Qd2 f6 14. Bh6 Nc6
15. Bxg7+ Kxg7 16. b4 Ne5 17. Nxe5 fxe5 18. f3 1/2-1/2

[Event "LLO18/19"]
[Site "Mecklenburg-Vorpommern"]
[Date "2018.12.16"]
[Round "4.6"]
[White "Schmekel, Matthias"]
[Black "Claus, Jens"]
[Result "1-0"]
[WhiteElo "1588"]
[BlackElo "1566"]
[PlyCount "81"]
[EventDate "2018.??.??"]
[EventType "team-tourn"]
[EventRounds "9"]
[EventCountry "GER"]
[WhiteTeam "SAV Torgelow II"]
[BlackTeam "Ribnitz-Damgarten"]
[WhiteTeamCountry "GER"]
[BlackTeamCountry "GER"]

1. e4 e5 2. Nf3 Nc6 3. d4 exd4 4. Nxd4 Nf6 5. f3 Bb4+ 6. c3 Ba5 7. Be3 O-O 8.
Nd2 Bb6 9. Qa4 Qe8 10. Bd3 d5 11. O-O-O Bd7 12. Qc2 Ne5 13. Be2 c5 14. N4b3 d4
15. Bg5 Qe6 16. f4 d3 17. Bxd3 Nxd3+ 18. Qxd3 c4 19. Qxc4 Be3 20. Qxe6 Bxe6 21.
Bxf6 gxf6 22. f5 Bd7 23. Kc2 Bc6 24. Rhe1 Bg5 25. Nf3 Bf4 26. Na5 Rfe8 27. Nxc6
bxc6 28. g3 Bc7 29. Nd4 c5 30. Nb5 Bb6 31. Rd7 Red8 32. Red1 a6 33. Nc7 Rxd7
34. Rxd7 Ra7 35. Rd8+ Kg7 36. Ne8+ Kg8 37. Rb8 Ba5 38. Nxf6+ Kg7 39. e5 Re7 40.
Rg8+ Kh6 41. g4 1-0

[Event "LLO18/19"]
[Site "Mecklenburg-Vorpommern"]
[Date "2018.12.16"]
[Round "4.7"]
[White "Ehrich, Dieter"]
[Black "Wolfgramm, Theo"]
[Result "1/2-1/2"]
[WhiteElo "1494"]
[BlackElo "1648"]
[PlyCount "70"]
[EventDate "2018.??.??"]
[EventType "team-tourn"]
[EventRounds "9"]
[EventCountry "GER"]
[WhiteTeam "Ribnitz-Damgarten"]
[BlackTeam "SAV Torgelow II"]
[WhiteTeamCountry "GER"]
[BlackTeamCountry "GER"]

1. c4 e6 2. g3 d5 3. Bg2 c6 4. Nf3 Nd7 5. b3 Ngf6 6. d4 Be7 7. O-O O-O 8. Nc3
Re8 9. Bb2 Bd6 10. Qc2 b6 11. Rac1 Bb7 12. cxd5 cxd5 13. Rfe1 e5 14. dxe5 Nxe5
15. Qd2 Re7 16. Nxe5 Bxe5 17. e3 Rd7 18. Red1 Rb8 19. Bh3 Rc7 20. f4 Bxc3 21.
Bxc3 Ne4 22. Qd4 Nxc3 23. Rxc3 Qe7 24. Rdc1 Rxc3 25. Qxc3 Re8 26. Kf2 g6 27.
Qd4 f5 28. Bg2 Rd8 29. b4 Qd7 30. Qe5 Qa4 31. Qe6+ Kf8 32. Qf6+ Ke8 33. Qe6+
Kf8 34. Qf6+ Ke8 35. Qe6+ Kf8 1/2-1/2

[Event "LLO18/19"]
[Site "Mecklenburg-Vorpommern"]
[Date "2018.12.16"]
[Round "4.8"]
[White "Plock, Joerg"]
[Black "Ochei, Victor"]
[Result "1/2-1/2"]
[WhiteElo "1536"]
[BlackElo "1377"]
[PlyCount "82"]
[EventDate "2018.??.??"]
[EventType "team-tourn"]
[EventRounds "9"]
[EventCountry "GER"]
[WhiteTeam "SAV Torgelow II"]
[BlackTeam "Ribnitz-Damgarten"]
[WhiteTeamCountry "GER"]
[BlackTeamCountry "GER"]

1. d4 e6 2. c4 d5 3. e3 Nf6 4. Nc3 c6 5. Nf3 Nbd7 6. Bd3 Bd6 7. O-O e5 8. dxe5
Nxe5 9. Nxe5 Bxe5 10. Bd2 Qc7 11. h3 Be6 12. cxd5 Nxd5 13. Nxd5 Bxd5 14. Qc2 g6
15. a3 O-O 16. Rad1 Rad8 17. e4 Be6 18. f4 Bd4+ 19. Kh1 Qb6 20. Bc3 Bb3 21. Ba5
Bxc2 22. Bxb6 Bxd3 23. Bxd8 Bxf1 24. Rxd4 Re8 25. e5 h5 26. Bf6 b5 27. Rd7 Bc4
28. Rxa7 Bd5 29. b4 Rc8 30. Kg1 Kf8 31. Kf2 Ke8 32. Re7+ Kf8 33. Ra7 Ke8 34. g3
Be6 35. Re7+ Kf8 36. h4 Ra8 37. Rb7 Ke8 38. Re7+ Kf8 39. Rc7 Bd5 40. Rd7 Ke8
41. Re7+ Kf8 1/2-1/2

[Event "LLO18/19"]
[Site "Mecklenburg-Vorpommern"]
[Date "2018.12.16"]
[Round "4.1"]
[White "Schamber, Dennis"]
[Black "Burwitz, Joerg"]
[Result "1/2-1/2"]
[WhiteElo "1770"]
[BlackElo "1727"]
[PlyCount "40"]
[EventDate "2018.??.??"]
[EventType "team-tourn"]
[EventRounds "9"]
[EventCountry "GER"]
[WhiteTeam "Makkabi Rostock"]
[BlackTeam "RUGIA Bergen"]
[WhiteTeamCountry "GER"]
[BlackTeamCountry "GER"]

1. d4 d5 2. c4 c6 3. Nc3 Nf6 4. Nf3 Bf5 5. Bg5 e6 6. Qb3 Qb6 7. Qxb6 axb6 8.
Bxf6 gxf6 9. cxd5 exd5 10. a3 Nd7 11. e3 Bd6 12. Nh4 Bg6 13. Be2 b5 14. O-O O-O
15. f3 Rfe8 16. Nxg6 fxg6 17. e4 dxe4 18. fxe4 Kg7 19. d5 b4 20. dxc6 bxc6
1/2-1/2

[Event "LLO18/19"]
[Site "Mecklenburg-Vorpommern"]
[Date "2018.12.16"]
[Round "4.2"]
[White "Pawlick, Helmut"]
[Black "Markovych, Illya"]
[Result "0-1"]
[WhiteElo "1834"]
[BlackElo "1899"]
[PlyCount "93"]
[EventDate "2018.??.??"]
[EventType "team-tourn"]
[EventRounds "9"]
[EventCountry "GER"]
[WhiteTeam "RUGIA Bergen"]
[BlackTeam "Makkabi Rostock"]
[WhiteTeamCountry "GER"]
[BlackTeamCountry "GER"]

1. e4 e6 2. d4 d5 3. Nc3 Nf6 4. Bg5 Be7 5. e5 Nfd7 6. h4 a6 7. Bxe7 Qxe7 8. Qg4
f5 9. Qf4 c5 10. Nf3 Nc6 11. dxc5 Qxc5 12. O-O-O Qxf2 13. Qg5 O-O 14. Qh5 Qe3+
15. Kb1 g6 16. Qg5 Qxg5 17. Nxg5 Ndxe5 18. Na4 h6 19. Nh3 b5 20. Nc5 Kf7 21.
Nf4 Ng4 22. Re1 Nf2 23. Rh2 Ne4 24. Nxe4 dxe4 25. c4 b4 26. g3 e5 27. Nd5 Be6
28. Nb6 Rab8 29. c5 Nd4 30. Rc1 a5 31. Bc4 Rfd8 32. b3 f4 33. gxf4 exf4 34. Rg2
Kf6 35. Rcg1 Bf5 36. Nd5+ Rxd5 37. Bxd5 e3+ 38. Kb2 f3 39. Bxf3 Nxf3 40. Rf1
Re8 41. Re2 Nd4 42. Ree1 g5 43. hxg5+ hxg5 44. c6 Nxc6 45. Rf3 e2 46. Kc1 Nd4
47. Rf2 0-1

[Event "LLO18/19"]
[Site "Mecklenburg-Vorpommern"]
[Date "2018.12.16"]
[Round "4.3"]
[White "Reznik, Leonid"]
[Black "Tabbert, Dirk"]
[Result "1-0"]
[WhiteElo "1879"]
[BlackElo "1649"]
[Annotator "User"]
[PlyCount "61"]
[EventDate "2018.??.??"]
[EventType "team-tourn"]
[EventRounds "9"]
[EventCountry "GER"]
[WhiteTeam "Makkabi Rostock"]
[BlackTeam "RUGIA Bergen"]
[WhiteTeamCountry "GER"]
[BlackTeamCountry "GER"]

1. d4 f5 2. Bg5 h6 3. Bh4 Nf6 4. Bxf6 exf6 5. e3 g6 6. Nf3 d6 7. Bd3 Be6 8. e4
Qe7 9. O-O f4 10. e5 f5 11. exd6 Qxd6 12. Re1 Kf7 13. Ne5+ Kg7 14. Qf3 Nc6 15.
Qxf4 Nxd4 {(=)} 16. Qg3 g5 17. f4 Be7 18. c3 Nc6 19. Nxc6 Qxc6 20. fxg5 Bc5+
21. Kh1 hxg5 22. Qxg5+ Kf7 23. Bxf5 Rag8 24. Bxe6+ Qxe6 25. Qxg8+ Rxg8 26. Rxe6
Kxe6 27. Nd2 Kf5 28. Rf1+ Kg4 29. Ne4 Be7 30. h3+ Kh4 31. Rf7 1-0

[Event "LLO18/19"]
[Site "Mecklenburg-Vorpommern"]
[Date "2018.12.16"]
[Round "4.4"]
[White "Pawlowicz, Karsten"]
[Black "Petrow, Jonas"]
[Result "0-1"]
[WhiteElo "1635"]
[BlackElo "1611"]
[PlyCount "120"]
[EventDate "2018.??.??"]
[EventType "team-tourn"]
[EventRounds "9"]
[EventCountry "GER"]
[WhiteTeam "RUGIA Bergen"]
[BlackTeam "Makkabi Rostock"]
[WhiteTeamCountry "GER"]
[BlackTeamCountry "GER"]

1. Nf3 Nf6 2. g3 g6 3. Bg2 Bg7 4. d4 O-O 5. O-O d6 6. Nc3 Nbd7 7. e4 e5 8. dxe5
Nxe5 9. Nxe5 dxe5 10. Qxd8 Rxd8 11. Bg5 c6 12. Rad1 Be6 13. b3 h6 14. Bxf6 Bxf6
15. Rxd8+ Rxd8 16. Rd1 Kf8 17. Rxd8+ Bxd8 18. Na4 Ke7 19. Nc5 Bc8 20. Nd3 f6
21. Kf1 Ba5 22. f4 Bc3 23. Ke2 b6 24. Ke3 Kd6 25. h3 h5 26. Kf3 a5 27. Nf2 a4
28. Nd1 Be1 29. Bf1 a3 30. g4 hxg4+ 31. hxg4 exf4 32. Kxf4 g5+ 33. Kf3 Ke5 34.
Ne3 Kd4 35. Bd3 Bb4 36. Ke2 b5 37. c4 bxc4 38. bxc4 Ba6 39. Bc2 Bxc4+ 40. Nxc4
Kxc4 41. Ba4 c5 42. Kd1 Kc3 43. Kc1 Kd3 44. Bc6 Ke3 45. Bd7 Kd3 46. Bf5 Kc3 47.
Bg6 Ba5 48. Bf5 Bc7 49. e5 fxe5 50. Bc2 Bb6 51. Bg6 c4 52. Bf5 Be3+ 53. Kb1 Kd2
54. Be4 Bd4 55. Bf5 Bb2 56. Bg6 Ke3 57. Kc2 e4 58. Kd1 Kf3 59. Bf5 e3 60. Ke1
Bc3+ 0-1

[Event "LLO18/19"]
[Site "Mecklenburg-Vorpommern"]
[Date "2018.12.16"]
[Round "4.6"]
[White "Scheel, Manfred"]
[Black "Elsken Sicard, Fabian"]
[Result "0-1"]
[WhiteElo "1611"]
[BlackElo "1511"]
[PlyCount "82"]
[EventDate "2018.??.??"]
[EventType "team-tourn"]
[EventRounds "9"]
[EventCountry "GER"]
[WhiteTeam "RUGIA Bergen"]
[BlackTeam "Makkabi Rostock"]
[WhiteTeamCountry "GER"]
[BlackTeamCountry "GER"]

1. e4 d6 2. Nf3 Nf6 3. Nc3 g6 4. Bc4 Bg7 5. O-O O-O 6. d3 c6 7. h3 b5 8. Bb3
Bb7 9. Ne2 c5 10. c3 Nbd7 11. Ng3 Rc8 12. Re1 Ne5 13. Nxe5 dxe5 14. Be3 a6 15.
Qe2 Qc7 16. Rac1 Qd6 17. Qf1 e6 18. Bc2 Qc6 19. b3 Nd7 20. c4 b4 21. h4 f5 22.
Bd2 f4 23. Ne2 Bf6 24. Kh1 Bxh4 25. Ng1 Qd6 26. Nf3 Qe7 27. Qg1 g5 28. Nxh4
gxh4 29. Qh2 Kh8 30. Rg1 Rg8 31. f3 Rg6 32. Ra1 Rcg8 33. Bxf4 exf4 34. Qxf4 e5
35. Qd2 Qf6 36. Raf1 Rg3 37. f4 h3 38. fxe5 Qxf1 39. Rxf1 hxg2+ 40. Kg1 gxf1=Q+
41. Kxf1 Rg1+ 0-1

[Event "LLO18/19"]
[Site "Mecklenburg-Vorpommern"]
[Date "2018.12.16"]
[Round "4.7"]
[White "Roeste, Hugo"]
[Black "Jepp, Wolfgang"]
[Result "0-1"]
[WhiteElo "1439"]
[BlackElo "1574"]
[PlyCount "82"]
[EventDate "2018.??.??"]
[EventType "team-tourn"]
[EventRounds "9"]
[EventCountry "GER"]
[WhiteTeam "Makkabi Rostock"]
[BlackTeam "RUGIA Bergen"]
[WhiteTeamCountry "GER"]
[BlackTeamCountry "GER"]

1. d4 d5 2. c4 e6 3. Nc3 Nf6 4. Bf4 Bb4 5. e3 O-O 6. Nf3 c6 7. Qc2 dxc4 8. Bxc4
Nd5 9. Bg3 Nd7 10. O-O N7f6 11. Bh4 Be7 12. a3 Nxc3 13. Qxc3 Nd5 14. Bxe7 Qxe7
15. Qc2 f6 16. b4 Bd7 17. Rfd1 Kh8 18. e4 Nb6 19. Bb3 Rac8 20. Rd3 g5 21. h3
Qg7 22. e5 f5 23. Nh2 Nd5 24. Bxd5 exd5 25. Re1 Be6 26. Qd1 Qg6 27. f3 h5 28.
Rc3 Kg7 29. g4 hxg4 30. fxg4 fxg4 31. Nxg4 Rf4 32. Nf6 Rh8 33. Ree3 Rfh4 34.
Kg2 Rf4 35. Rg3 Rhh4 36. Rcd3 Bf5 37. Rd2 Be4+ 38. Kg1 Kf7 39. Qe1 Qf5 40. Rf2
Rxh3 41. Rxf4 Rh1+ 0-1

[Event "LLO18/19"]
[Site "Mecklenburg-Vorpommern"]
[Date "2018.12.16"]
[Round "4.1"]
[White "Krasov, Oleksi"]
[Black "Schulz, Daniel"]
[Result "1/2-1/2"]
[WhiteElo "1900"]
[BlackElo "1910"]
[PlyCount "84"]
[EventDate "2018.??.??"]
[EventType "team-tourn"]
[EventRounds "9"]
[EventCountry "GER"]
[WhiteTeam "Motor Wolgast"]
[BlackTeam "SG Neubrandenburg"]
[WhiteTeamCountry "GER"]
[BlackTeamCountry "GER"]

1. e4 d5 2. exd5 Nf6 3. Nf3 Nxd5 4. d4 Bf5 5. Be2 g6 6. O-O Bg7 7. a3 O-O 8. c4
Nb6 9. b4 a5 10. Bb2 axb4 11. axb4 Nc6 12. Rxa8 Qxa8 13. b5 Nb8 14. Nc3 Rd8 15.
c5 N6d7 16. Qb3 Be6 17. Bc4 Bxc4 18. Qxc4 c6 19. b6 Qa6 20. Qb3 Qd3 21. Rd1 Qf5
22. Re1 e5 23. Ne4 exd4 24. Bxd4 Bxd4 25. Nxd4 Qd5 26. Qc3 Re8 27. Nd6 Rxe1+
28. Qxe1 Qxd4 29. Qe8+ Kg7 30. Qxf7+ Kh6 31. g3 Qd1+ 32. Kg2 Qd5+ 33. Qxd5 cxd5
34. Nxb7 Nc6 35. f4 g5 36. Kf3 gxf4 37. Kxf4 Kh5 38. Kf5 d4 39. Kf4 Kg6 40. Ke4
Kf6 41. Kd5 d3 42. Nd6 Nde5 1/2-1/2

[Event "LLO18/19"]
[Site "Mecklenburg-Vorpommern"]
[Date "2018.12.16"]
[Round "4.2"]
[White "Stoevesand, Peter"]
[Black "Riebort, Frank"]
[Result "1/2-1/2"]
[WhiteElo "1937"]
[BlackElo "1870"]
[PlyCount "40"]
[EventDate "2018.??.??"]
[EventType "team-tourn"]
[EventRounds "9"]
[EventCountry "GER"]
[WhiteTeam "SG Neubrandenburg"]
[BlackTeam "Motor Wolgast"]
[WhiteTeamCountry "GER"]
[BlackTeamCountry "GER"]

1. e4 d6 2. d4 Nf6 3. Nc3 g6 4. Bc4 Bg7 5. Nge2 O-O 6. Bg5 Nc6 7. Qd2 e5 8. d5
Ne7 9. O-O-O a6 10. f3 b5 11. Bb3 Bd7 12. a3 a5 13. Kb1 Ne8 14. h4 f6 15. Bh6
Qb8 16. g4 a4 17. Ba2 b4 18. axb4 Qxb4 19. Bxg7 Nxg7 20. Nc1 Rfb8 1/2-1/2

[Event "LLO18/19"]
[Site "Mecklenburg-Vorpommern"]
[Date "2018.12.16"]
[Round "4.3"]
[White "Rosin, Ralf"]
[Black "Stoevesand, Eric"]
[Result "1/2-1/2"]
[WhiteElo "1757"]
[BlackElo "1975"]
[PlyCount "36"]
[EventDate "2018.??.??"]
[EventType "team-tourn"]
[EventRounds "9"]
[EventCountry "GER"]
[WhiteTeam "Motor Wolgast"]
[BlackTeam "SG Neubrandenburg"]
[WhiteTeamCountry "GER"]
[BlackTeamCountry "GER"]

1. d4 d5 2. Nf3 Nf6 3. c4 e6 4. Nc3 Nbd7 5. Bg5 Be7 6. e3 O-O 7. Rc1 c6 8. cxd5
Nxd5 9. Bxe7 Qxe7 10. Be2 N7f6 11. O-O Rd8 12. Qc2 Bd7 13. Ne4 Rac8 14. Nc5 Be8
15. a3 Rc7 16. Ne5 Nd7 17. Ncxd7 Bxd7 18. Qc4 Bc8 1/2-1/2

[Event "LLO18/19"]
[Site "Mecklenburg-Vorpommern"]
[Date "2018.12.16"]
[Round "4.4"]
[White "Rossmann, Andreas"]
[Black "Klotzsche, Stefan"]
[Result "1-0"]
[WhiteElo "1920"]
[BlackElo "1720"]
[PlyCount "79"]
[EventDate "2018.??.??"]
[EventType "team-tourn"]
[EventRounds "9"]
[EventCountry "GER"]
[WhiteTeam "SG Neubrandenburg"]
[BlackTeam "Motor Wolgast"]
[WhiteTeamCountry "GER"]
[BlackTeamCountry "GER"]

1. d4 Nf6 2. Nf3 g6 3. g3 Bg7 4. Bg2 d6 5. c4 O-O 6. O-O Nbd7 7. Nc3 e5 8. e4
a6 9. h3 h6 10. Be3 Rb8 11. b4 b5 12. dxe5 dxe5 13. cxb5 axb5 14. Qe2 Qe7 15.
Rab1 Bb7 16. Nd2 c6 17. Rfc1 Ra8 18. Nb3 Rfe8 19. Na5 Reb8 20. Qc2 c5 21. Nxb7
cxb4 22. Nd5 Nxd5 23. exd5 e4 24. d6 Qe6 25. Nc5 Nxc5 26. Qxc5 Rxa2 27. Rxb4
Bf8 28. Rxb5 Rxb5 29. Qxb5 Qxd6 30. Qc4 Rb2 31. Qxe4 Rb4 32. Qc6 Qe5 33. Qc8
Rb8 34. Qc3 Qb5 35. Qd2 h5 36. Qd5 Qb2 37. Be4 Rb5 38. Qc6 Rb3 39. Bd5 Rd3 40.
Qxg6+ 1-0

[Event "LLO18/19"]
[Site "Mecklenburg-Vorpommern"]
[Date "2018.12.16"]
[Round "4.5"]
[White "Schellner, Ulf"]
[Black "Baier, Karsten"]
[Result "0-1"]
[WhiteElo "1647"]
[BlackElo "1875"]
[PlyCount "62"]
[EventDate "2018.??.??"]
[EventType "team-tourn"]
[EventRounds "9"]
[EventCountry "GER"]
[WhiteTeam "Motor Wolgast"]
[BlackTeam "SG Neubrandenburg"]
[WhiteTeamCountry "GER"]
[BlackTeamCountry "GER"]

1. d4 Nf6 2. c4 g6 3. Nc3 Bg7 4. e4 d6 5. Bg5 O-O 6. Qd2 c5 7. d5 Nbd7 8. Nf3
a6 9. Be2 Re8 10. O-O Rb8 11. a4 b6 12. Ne1 Nf8 13. h3 N6d7 14. Kh1 f6 15. Be3
Ne5 16. f4 Nf7 17. Nf3 Rb7 18. Nh2 f5 19. exf5 Bxf5 20. g4 Bc8 21. Bd3 Bxc3 22.
Qxc3 e6 23. Rae1 Qh4 24. Rf3 e5 25. Bf2 Qh6 26. Kg2 Rbe7 27. f5 Ng5 28. Rfe3
gxf5 29. gxf5 Rg7 30. Ng4 Nxh3 31. Bg3 Rxg4 0-1

[Event "LLO18/19"]
[Site "Mecklenburg-Vorpommern"]
[Date "2018.12.16"]
[Round "4.6"]
[White "Lichte, Martin"]
[Black "Reimer, Karl"]
[Result "1-0"]
[WhiteElo "1870"]
[BlackElo "1635"]
[PlyCount "23"]
[EventDate "2018.??.??"]
[EventType "team-tourn"]
[EventRounds "9"]
[EventCountry "GER"]
[WhiteTeam "SG Neubrandenburg"]
[BlackTeam "Motor Wolgast"]
[WhiteTeamCountry "GER"]
[BlackTeamCountry "GER"]

1. Nf3 d5 2. g3 c5 3. Bg2 Nc6 4. d4 cxd4 5. Nxd4 e5 6. Nxc6 bxc6 7. O-O Nf6 8.
c4 Bb7 9. cxd5 cxd5 10. Nc3 Qd7 11. Qb3 d4 12. Qxb7 1-0

[Event "LLO18/19"]
[Site "Mecklenburg-Vorpommern"]
[Date "2018.12.16"]
[Round "4.7"]
[White "Zimmermann, Frank"]
[Black "Kunow, Frank"]
[Result "1-0"]
[WhiteElo "1602"]
[BlackElo "1891"]
[PlyCount "86"]
[EventDate "2018.??.??"]
[EventType "team-tourn"]
[EventRounds "9"]
[EventCountry "GER"]
[WhiteTeam "Motor Wolgast"]
[BlackTeam "SG Neubrandenburg"]
[WhiteTeamCountry "GER"]
[BlackTeamCountry "GER"]

1. e4 g6 2. Nf3 Bg7 3. g3 e5 4. Bg2 Ne7 5. O-O Nbc6 6. c3 O-O 7. d4 d6 8. Be3
h6 9. dxe5 dxe5 10. Nbd2 Be6 11. Nb3 b6 12. Qc2 a5 13. Rad1 Qc8 14. Rfe1 a4 15.
Nc1 Qa6 16. Rd2 Rfd8 17. Rxd8+ Rxd8 18. Rd1 Rxd1+ 19. Qxd1 Qc4 20. Nd2 Qb5 21.
Qc2 Na5 22. Bf1 Qd7 23. Qd3 Qe8 24. Qb5 Bd7 25. Qd3 Nc8 26. Nf3 Nd6 27. Bxb6
Bb5 28. Qd5 Bxf1 29. Bxa5 Bc4 30. Qc5 Qe6 31. Nd2 Ba6 32. Bxc7 Nc4 33. Nxc4
Bxc4 34. a3 (34. b3 axb3 35. axb3) 34... Ba6 35. Kg2 h5 36. Qd5 Bh6 (36... Qh3+
37. Kf3 Qf1) 37. Qxe6 fxe6 38. f4 exf4 39. Bxf4 g5 40. Be3 Bc4 41. h4 Kh7 42.
hxg5 Bg7 43. Kf3 Bxc3 1-0

[Event "LLO18/19"]
[Site "Mecklenburg-Vorpommern"]
[Date "2018.12.16"]
[Round "4.8"]
[White "Witkowski, Rainer"]
[Black "Sass, Ralf"]
[Result "0-1"]
[WhiteElo "1819"]
[BlackElo "1464"]
[PlyCount "68"]
[EventDate "2018.??.??"]
[EventType "team-tourn"]
[EventRounds "9"]
[EventCountry "GER"]
[WhiteTeam "SG Neubrandenburg"]
[BlackTeam "Motor Wolgast"]
[WhiteTeamCountry "GER"]
[BlackTeamCountry "GER"]

1. e4 e5 2. Bc4 Nf6 3. d3 Be7 4. Nf3 d6 5. O-O O-O 6. c3 Bg4 7. Nbd2 Nc6 8. Re1
h6 9. Nf1 Na5 10. Bb5 a6 11. Ba4 b5 12. Bc2 c5 13. h3 Be6 14. d4 cxd4 15. cxd4
exd4 16. Nxd4 Bd7 17. Ne3 Nc6 18. Ndf5 Bxf5 19. Nxf5 Qc7 20. Bf4 Ne5 21. Rc1
Rfe8 22. Re3 Bf8 23. Bb3 Qd7 24. f3 Rac8 25. Rxc8 Rxc8 26. Re2 Kh7 27. Rd2 Qc7
28. Nxd6 Bxd6 29. Rxd6 Qa7+ 30. Kh2 Nc4 31. Bxc4 Rxc4 32. Be5 Qc5 33. Bxf6 gxf6
34. Rxf6 Qe5+ 0-1

[Event "LLO18/19"]
[Site "Mecklenburg-Vorpommern"]
[Date "2018.12.16"]
[Round "4.1"]
[White "Hoerhold, Martin"]
[Black "Ertel, Wolfhard"]
[Result "0-1"]
[WhiteElo "1798"]
[BlackElo "1820"]
[PlyCount "60"]
[EventDate "2018.??.??"]
[EventType "team-tourn"]
[EventRounds "9"]
[EventCountry "GER"]
[WhiteTeam "SG Neubrandenburg II"]
[BlackTeam "Seehotel Binz"]
[WhiteTeamCountry "GER"]
[BlackTeamCountry "GER"]

1. d4 Nf6 2. c4 g6 3. Nc3 d5 4. Nf3 Bg7 5. cxd5 Nxd5 6. e4 Nxc3 7. bxc3 O-O 8.
Be2 c5 9. Rb1 Nc6 10. Be3 cxd4 11. cxd4 Qa5+ 12. Bd2 Qxa2 13. d5 Ne5 14. Nxe5
Bxe5 15. f4 Bd6 16. Bc3 Qa3 17. Rb3 Qa4 18. Qb1 Qd7 19. O-O b6 20. Kh1 Bb7 21.
Qd3 Bc5 22. Qg3 e6 23. Bb5 Qe7 24. f5 exf5 25. exf5 Qd6 26. Be5 Qxd5 27. Rd3
Qe4 28. Rd7 Bc8 29. Bd3 Qe3 30. fxg6 hxg6 0-1

[Event "LLO18/19"]
[Site "Mecklenburg-Vorpommern"]
[Date "2018.12.16"]
[Round "4.2"]
[White "Alder, Bodo"]
[Black "Leisner, Ekkehardt"]
[Result "0-1"]
[WhiteElo "1793"]
[BlackElo "1787"]
[PlyCount "68"]
[EventDate "2018.??.??"]
[EventType "team-tourn"]
[EventRounds "9"]
[EventCountry "GER"]
[WhiteTeam "Seehotel Binz"]
[BlackTeam "SG Neubrandenburg II"]
[WhiteTeamCountry "GER"]
[BlackTeamCountry "GER"]

1. Nf3 c5 2. b3 Nf6 3. Bb2 e6 4. e3 a6 5. a3 Nc6 6. Be2 Be7 7. c4 O-O 8. O-O d5
9. d4 dxc4 10. bxc4 Qb6 11. Qc2 Rd8 12. Nbd2 Bd7 13. Rfd1 Be8 14. Bc3 cxd4 15.
exd4 Rac8 16. Qb2 Qxb2 17. Bxb2 h6 18. Rac1 Na7 19. Re1 Ba4 20. Ne5 Nc6 21.
Ndf3 Nd7 22. Bd1 Ndxe5 23. dxe5 Bxd1 24. Rexd1 Bc5 25. Kf1 Kf8 26. Ke2 Ke7 27.
a4 Rxd1 28. Rxd1 Na5 29. Rc1 Bb4 30. Kd3 Nb3 31. Rc2 Nc5+ 32. Ke2 Nxa4 33. Nd2
b5 34. f4 Bxd2 0-1

[Event "LLO18/19"]
[Site "Mecklenburg-Vorpommern"]
[Date "2018.12.16"]
[Round "4.3"]
[White "Dupke, Andreas"]
[Black "Fechner, Henrik"]
[Result "1-0"]
[WhiteElo "1748"]
[BlackElo "1767"]
[PlyCount "65"]
[EventDate "2018.??.??"]
[EventType "team-tourn"]
[EventRounds "9"]
[EventCountry "GER"]
[WhiteTeam "SG Neubrandenburg II"]
[BlackTeam "Seehotel Binz"]
[WhiteTeamCountry "GER"]
[BlackTeamCountry "GER"]

1. e4 c6 2. d4 d5 3. Nc3 dxe4 4. Nxe4 Bf5 5. Ng3 Bg6 6. h4 h6 7. Nf3 Nd7 8. Bd3
Bxd3 9. Qxd3 Qc7 10. Bd2 e6 11. O-O-O O-O-O 12. Kb1 Ngf6 13. c4 Bd6 14. Ne4
Nxe4 15. Qxe4 Nf6 16. Qe2 c5 17. Bc3 cxd4 18. Nxd4 a6 19. Nb3 Bc5 20. Rc1 Rd7
21. Qf3 e5 22. Rhe1 Bd4 23. Ba5 Qc6 24. Qh3 b6 25. Bb4 Ne4 26. Qf3 f5 27. Qxf5
Nd6 28. Nxd4 exd4 29. Bxd6 Qxd6 30. c5 bxc5 31. Re6 Qf8 32. Rxc5+ Kb7 33. Qe4+
1-0